Échelle de mots : de Nami à Usopp - Statistiques

Statistiques générales
  • Ce quiz a été pris 139 fois
  • Le résultat moyen est 11 sur 25
Statistiques - réponses
Hint Réponse % Correct
Son rêve est de dessiner une carte complète du monde Nami
100%
Son rêve est de devenir un valeureux guerrier des mers (Ajouter une lettre) Usopp
72%
Conjugaison du verbe "fuire" Fuit
60%
Pourboire en anglais (Enlever une lettre) Tip
59%
Caché, dans une posture ramassée. "Il est _ dans l'ombre." Tapi
57%
Signal sonore émis par certains appareils Bip
55%
Écoulement, échappement d'un liquide ou d'un gaz hors de son contenant (Ajouter une lettre) Fuite
53%
Véhicule automobile terrestre privé, conduit par un chauffeur Taxi
53%
Conjugaison du verbe "boire" (Ajouter une lettre) Boit
49%
un habitat traditionnel des Nord-Amérindiens Tipi
49%
Qui est plein de finesse, de malice, sait déjouer les pièges (Enlever une lettre) Fute
48%
Unité élémentaire d'information pouvant prendre deux valeurs distinctes, notées 0 et 1 Bit
47%
Une spécialité culinaire japonaise se présentant sous la forme d'un rouleau Maki
44%
Traduction de "costume" en anglais Suit
44%
Traduction de "savon" en anglais Soap
41%
Un _ est une divinité ou un esprit vénéré dans la religion shintoïste Kami
34%
En tête de phrase marque l'approbation Soit
34%
Fruit du plaqueminier du Japon, de la famille des Ébénacées Kaki
31%
Mouvement culturel et musical qui tire ses origines du hip-hop (Enlever une lettre) Rap
30%
Organe profond, situé dans l'hypocondre gauche en regard de la 10e côte Rate
27%
Réduit en poudre, en petits morceaux. Rape
26%
Anime issue d'un jeu vidéo dont l'ordre n'est pas clair Fate
20%
Traduction de "champignon" en norvégien Sopp
20%
Traduction de "échange" en anglais (Ajouter une lettre) Swap
9%
Technologie permettant de connecter un téléphone mobile à internet Wap
1%
Aucun quiz correspondant
Distribution des résultats
% des personnes avec chaque résultat
Percentile par nombre de réponses
Votre historique - résultats
Vous n’avez pas pris ce quiz